Marriage system and its aspects among the Mishmis of Arunachal Pradesh (Record no. 16896)
[ view plain ]
| 000 -LEADER | |
|---|---|
| fixed length control field | 00638nam a2200181Ia 4500 |
| 082 ## - DEWEY DECIMAL CLASSIFICATION NUMBER | |
| Classification number | RD 0229 |
| 100 ## - MAIN ENTRY--AUTHOR NAME | |
| Personal name | Delley, Razzeko |
| 245 #0 - TITLE STATEMENT | |
| Title | Marriage system and its aspects among the Mishmis of Arunachal Pradesh |
| Sub Title | : |
| 260 ## - PUBLICATION, DISTRIBUTION, ETC. (IMPRINT) | |
| Year of publication | 0 |
| Name of publisher | Indian Council of Social Science Research, New Delhi |
| 300 ## - PHYSICAL DESCRIPTION | |
| Number of Pages | v, 168p |
| 504 ## - BIBLIOGRAPHY, ETC. NOTE | |
| Bibliography, etc | includes Bibliography |
| 650 ## - SUBJECT ADDED ENTRY--TOPICAL TERM | |
| Topical Term | Marriage |
| Geographic subdivision | Arunachal Pradesh |
| -- | India |
| 650 ## - SUBJECT ADDED ENTRY--TOPICAL TERM | |
| Topical Term | Mishmis |
| Geographic subdivision | Dibung |
| -- | Arunachal Pradesh |
| -- | India |
| 650 ## - SUBJECT ADDED ENTRY--TOPICAL TERM | |
| Topical Term | Mishmis |
| Geographic subdivision | Lohit |
| -- | Arunachal Pradesh |
| -- | India |
| 650 ## - SUBJECT ADDED ENTRY--TOPICAL TERM | |
| Topical Term | Kaman mishmis |
| Geographic subdivision | Arunachal Pradesh |
| -- | India |
| 650 ## - SUBJECT ADDED ENTRY--TOPICAL TERM | |
| Topical Term | Taraon mishmis |
| Geographic subdivision | Arunachal Pradesh |
| -- | India |
| 942 ## - ADDED ENTRY ELEMENTS (KOHA) | |
| Koha item type | Research Reports |
| Source of classification or shelving scheme | Dewey Decimal Classification |
| Withdrawn status | Lost status | Damaged status | Not for loan | Home library | Current library | Date acquired | Source of acquisition | Full call number | Accession Number | Price effective from | Koha item type |
|---|---|---|---|---|---|---|---|---|---|---|---|
| NASSDOC Library | NASSDOC Library | 22/09/2017 | Gifted by : RP Division, ICSSR | RD 0229 | 49322 | 18/04/2019 | Research Reports |
